| 000 | 01771nam a22002777a 4500 | ||
|---|---|---|---|
| 003 | AR-RoUNCS | ||
| 005 | 20251110104259.0 | ||
| 008 | 251110t2007 ag aod||r|||| 00| 0 spa d | ||
| 020 | _a978-987-1274-07-9 | ||
| 040 |
_aAR-RoUNCS _cAR-RoUNCS |
||
| 080 | _0766(82) | ||
| 245 | 0 | 0 |
_aDiseño argentino. _n# 1 : _bcreadores de influencias = Argentine design : influencing creators / _c[idea y edición, Mónica Aguerrondo y Lucrecia Gordillo ; compiladora, Eloise Mitsuko Alemany ; redacción, Luisa Miguens ; traducción, Kavango Studio]. |
| 246 | 1 | 3 |
_aArgentine design : _binfluencing creators. |
| 260 |
_aBuenos Aires : _bPapers Editores, _c2007. |
||
| 300 |
_a165 p. : _bil. col., fot. col. ; _c21 cm. |
||
| 500 | _aIncluye un directorio de diseñadores y una lista de ubicaciones recomendadas donde se pueden ver los diseños. | ||
| 520 | 8 | _aEsta edición es una guía referencial de nuevos proyectos argentinos y diseños influyentes en accesorios, joyería, objetos, juguetes, indumentaria y diseño gráfico, presentando una selección de creaciones de Román Vitali, Pablo Ramírez, Rita Bamidele Hampton, Alejandro Sarmiento, Mariana Cortés, Leo Battistelli, Javier y Alejo Estebecorena, Guillermina Baiguera, Julián Gatto, DOMA, Araceli Pourcel, Francisca Kweitel, Marina Bandin, Gonzalo Arbutti y Marcelo Federico, Valeria Pesqueira, Alejandro Ros, Marina Molinelli Wells, Cecilia Gadea y Lola Goldstein. Incluye un directorio de participantes. | |
| 546 | _aEspañol e inglés. | ||
| 650 | 4 |
_aDISEÑO _zARGENTINA |
|
| 650 | 4 |
_aARTE DECORATIVO _zARGENTINO |
|
| 653 | _aDISEÑADORES ARGENTINOS | ||
| 700 | 1 |
_aAguerrondo, Mónica. _eeditora |
|
| 700 | 1 |
_aGordillo, Lucrecia. _eeditora |
|
| 700 | 1 |
_aAlemany, Eloise Mitsuko. _ecompiladora |
|
| 942 |
_2udc _cOG _n0 |
||
| 999 |
_c710 _d710 |
||